[Event "Roncana op-B 10th"]
[Site "Santa Eulalia de Roncana"]
[Date "2016.10.08"]
[Round "3"]
[White "Casas Nin, Jordi"]
[Black "Fernandez Rebollo, Irene"]
[Result "0-1"]
[WhiteElo "1612"]
[BlackElo "1446"]
[PlyCount "124"]
[EventDate "2016.09.24"]
[EventType "swiss"]
[EventRounds "8"]
[EventCountry "ESP"]
[SourceTitle "EXT 2018"]
[Source "ChessBase"]
[SourceDate "2017.10.13"]
[SourceVersion "1"]
[SourceVersionDate "2017.10.13"]
[SourceQuality "1"]

1. e4 e5 2. Nf3 Nc6 3. Bb5 Bc5 4. 0-0 Qf6 5. c3 Nge7 6. b4 Bb6 7. a4 a6 8. Bc4 d6 9. Bb2 Bg4 10. Be2 Ng6 11. Ne1 Be6 12. d3 Nf4 13. Bg4 Nd8 14. Nd2 Qg6 15. Bxe6 Ndxe6 16. Kh1 f5 17. exf5 Qxf5 18. Qf3 d5 19. c4 Ng5 20. Qg3 0-0 21. c5 Ba7 22. Ndf3 Nxf3 23. Nxf3 Rae8 24. d4 Ne2 25. Qh4 exd4 26. Nxd4 Nxd4 27. Qxd4 Rf7 28. Rae1 Re4 29. Qc3 Rfe7 30. Rxe4 Qxe4 31. Qd2 c6 32. Bd4 Bb8 33. Be3 Qe5 34. g3 Qe4+ 35. Kg1 Qg4 36. Qd4 Re4 37. Qd3 Rxb4 38. a5 Bc7 39. Rb1 Rb5 40. Bd2 Qe4 41. Qxe4 dxe4 42. Rxb5 cxb5 43. Kf1 Kf7 44. Ke2 Ke6 45. Ke3 Kd5 46. Bc3 Be5 47. Bb4 Kc4 48. Ba3 b4 49. Bc1 Kxc5 50. Kxe4 Bf6 51. Kd3 Kb5 52. Kc2 Kxa5 53. Kb3 Kb5 54. f4 a5 55. g4 a4+ 56. Ka2 b3+ 57. Ka3 Be7+ 58. Kb2 Kc4 59. g5 a3+ 60. Kb1 Kc3 61. f5 b2 62. Bf4 a2+ 0-1

[Event "Foment Martinenc op-B 17th"]
[Site "Barcelona"]
[Date "2015.05.02"]
[Round "2"]
[White "Fernandez Rebollo, Irene"]
[Black "Torres Julian, Marc"]
[Result "1-0"]
[WhiteElo "1867"]
[BlackElo "1946"]
[PlyCount "99"]
[EventDate "2015.04.25"]
[EventType "swiss"]
[EventRounds "9"]
[EventCountry "ESP"]
[SourceTitle "EXT 2017"]
[Source "ChessBase"]
[SourceDate "2016.10.25"]
[SourceVersion "1"]
[SourceVersionDate "2016.10.25"]
[SourceQuality "1"]

1. e4 e5 2. Nf3 Nc6 3. Bc4 Bc5 4. c3 Nf6 5. d4 exd4 6. e5 d5 7. Bb5 Ne4 8. cxd4 Bb4+ 9. Nbd2 Bd7 10. Qa4 Bxd2+ 11. Nxd2 0-0 12. Nxe4 dxe4 13. 0-0 a6 14. Be2 Be6 15. Be3 f5 16. f4 exf3 17. Bxf3 Bd5 18. a3 Bxf3 19. Rxf3 Qd5 20. Rd1 Rad8 21. Rd2 Qe4 22. Qd1 Ne7 23. Bg5 Rde8 24. h3 h6 25. Re2 Qd5 26. Bh4 c5 27. Rd3 Nc6 28. Bf2 cxd4 29. Bxd4 Rd8 30. Red2 Nxd4 31. Rxd4 Qc5 32. Kh1 Rxd4 33. Rxd4 Qxe5 34. Qb3+ Kh8 35. Rd7 Rc8 36. Qd1 Qxb2 37. Kh2 Rc2 38. Qd5 Rf2 39. Rd8+ Kh7 40. Qg8+ Kg6 41. Rd6+ Kh5 42. Qe8+ Kh4 43. Qe7+ Kh5 44. Qf7+ Kh4 45. Qc4+ Kg5 46. Qd5 Qxa3 47. Rd7 Qb2 48. Rxb7 Qc3 49. Qd8+ Qf6 50. Rxg7+ 1-0

[Event "Roncana op-B 8th"]
[Site "Santa Eulalia de Roncana"]
[Date "2014.11.08"]
[Round "4"]
[White "Rodriguez Sorribes, Josep Antoni"]
[Black "Fernandez Rebollo, Irene"]
[Result "1-0"]
[WhiteElo "1855"]
[BlackElo "1790"]
[PlyCount "93"]
[EventDate "2014.10.11"]
[EventType "swiss"]
[EventRounds "8"]
[EventCountry "ESP"]
[SourceTitle "EXT 2016"]
[Source "ChessBase"]
[SourceDate "2015.10.08"]
[SourceVersion "1"]
[SourceVersionDate "2015.10.08"]
[SourceQuality "1"]

1. f4 d5 2. Nf3 Bf5 3. e3 Nf6 4. Be2 e6 5. d3 Nbd7 6. b3 Bb4+ 7. Bd2 Qe7 8. c3 Bd6 9. 0-0 e5 10. Nh4 Qe6 11. fxe5 Qxe5 12. Nxf5 Qxh2+ 13. Kf2 Bf8 14. Rh1 Qe5 15. Ng3 Bd6 16. Rh3 0-0-0 17. d4 Qe6 18. Bf3 g6 19. b4 h5 20. Qc2 Ng4+ 21. Ke2 h4 22. Nf1 g5 23. Bxg4 Qxg4+ 24. Kf2 Nf6 25. Be1 Ne4+ 26. Kg1 Qh5 27. Nbd2 Rde8 28. Nxe4 dxe4 29. Qf2 Qg6 30. b5 Be7 31. Qe2 g4 32. Rh2 f5 33. Bd2 Bd6 34. Rh1 g3 35. Rh3 Qg5 36. c4 f4 37. exf4 Bxf4 38. Bxf4 Qxf4 39. Qe3 Qf7 40. Nd2 b6 41. Rf1 Qe7 42. a3 Rhf8 43. Rxf8 Rxf8 44. Nf3 Kb8 45. Rxh4 Rxf3 46. Rh8+ Kb7 47. gxf3 1-0

[Event "Roncana op-B 8th"]
[Site "Santa Eulalia de Roncana"]
[Date "2014.10.18"]
[Round "2"]
[White "Vacas Arno, Gabriel"]
[Black "Fernandez Rebollo, Irene"]
[Result "0-1"]
[WhiteElo "1864"]
[BlackElo "1790"]
[PlyCount "66"]
[EventDate "2014.10.11"]
[EventType "swiss"]
[EventRounds "8"]
[EventCountry "ESP"]
[SourceTitle "EXT 2016"]
[Source "ChessBase"]
[SourceDate "2015.10.08"]
[SourceVersion "1"]
[SourceVersionDate "2015.10.08"]
[SourceQuality "1"]

1. d4 Nf6 2. c4 e6 3. Nc3 Bb4 4. a3 Bxc3+ 5. bxc3 Ne4 6. Qc2 f5 7. e3 b6 8. Bd3 Bb7 9. Nf3 0-0 10. a4 d6 11. Rb1 a5 12. Bd2 Nd7 13. Qb3 Nxd2 14. Kxd2 Nf6 15. c5 Bd5 16. Bc4 dxc5 17. Ne1 Rb8 18. Nd3 Ne4+ 19. Ke2 c6 20. f3 Nd6 21. Bxd5 cxd5 22. dxc5 bxc5 23. Qxb8 Qxb8 24. Rxb8 Rxb8 25. Nxc5 Rb2+ 26. Kd3 Kf7 27. g4 Rf2 28. gxf5 Nxf5 29. f4 Ra2 30. Rb1 Nd6 31. Rb6 Nc4 32. Rb7+ Kg6 33. Nb3 Rxh2 0-1

[Event "Catalunya-ch (Women) 72nd"]
[Site "Barcelona"]
[Date "2014.04.21"]
[Round "6"]
[White "Fernandez Rebollo, Irene"]
[Black "Martinez Arranz, Leire"]
[Result "0-1"]
[WhiteElo "1809"]
[BlackElo "1809"]
[PlyCount "48"]
[EventDate "2014.04.18"]
[EventType "swiss"]
[EventRounds "6"]
[EventCountry "ESP"]
[SourceTitle "EXT 2016"]
[Source "ChessBase"]
[SourceDate "2015.10.08"]
[SourceVersion "1"]
[SourceVersionDate "2015.10.08"]
[SourceQuality "1"]

1. e4 e5 2. Nf3 Nc6 3. Bc4 Nf6 4. Nc3 Bc5 5. Ng5 0-0 6. 0-0 d6 7. h3 h6 8. Nxf7 Rxf7 9. Bxf7+ Kxf7 10. Qf3 Nd4 11. Qd1 Be6 12. d3 Qd7 13. Ne2 Nxe2+ 14. Qxe2 Bxh3 15. Be3 Bg4 16. f3 Bxe3+ 17. Qxe3 Bh5 18. d4 b6 19. Rad1 Qe6 20. dxe5 Qxe5 21. Qb3+ Ke7 22. f4 Qc5+ 23. Kh1 Bxd1 24. Rxd1 Qh5+ 0-1

[Event "Catalunya-ch (Women) 72nd"]
[Site "Barcelona"]
[Date "2014.04.20"]
[Round "5"]
[White "De Blois Afanasiyadi, Natasha"]
[Black "Fernandez Rebollo, Irene"]
[Result "1/2-1/2"]
[WhiteElo "1733"]
[BlackElo "1809"]
[PlyCount "173"]
[EventDate "2014.04.18"]
[EventType "swiss"]
[EventRounds "6"]
[EventCountry "ESP"]
[SourceTitle "EXT 2016"]
[Source "ChessBase"]
[SourceDate "2015.10.08"]
[SourceVersion "1"]
[SourceVersionDate "2015.10.08"]
[SourceQuality "1"]

1. e4 d5 2. exd5 Qxd5 3. Nc3 Qd6 4. d4 Bf5 5. Qf3 Bc8 6. Bf4 Qe6+ 7. Nge2 Nc6 8. d5 Nd4 9. Qd3 Qf6 10. Qxd4 Qxd4 11. Nxd4 Nf6 12. Ndb5 Kd7 13. Nxc7 Rb8 14. Bb5+ Kd8 15. Na6 bxa6 16. Bc6 Rxb2 17. 0-0 e6 18. d6 Rxc2 19. Rac1 Rb2 20. Rb1 Rb6 21. Rxb6 axb6 22. Rd1 Nd7 23. Bg5+ f6 24. Be3 b5 25. Ne4 g5 26. Nc5 e5 27. Ne6+ Ke8 28. Nc5 h6 29. g3 Rh7 30. f4 Kd8 31. Ne6+ Ke8 32. fxe5 fxe5 33. Bc5 Kf7 34. Bxd7 Bxd7 35. Nxf8 Kxf8 36. Re1 Ke8 37. Rxe5+ Kd8 38. Bb6+ Kc8 39. Rc5+ Kb7 40. Bd8 Bc6 41. Be7 Rh8 42. Rc1 Rc8 43. Rd1 Bd7 44. Rb1 a5 45. a3 Rc4 46. Rb2 Kb6 47. Kf2 b4 48. axb4 axb4 49. Ke3 Kc5 50. Kd3 Rc3+ 51. Kd2 Kc4 52. Bf6 Rd3+ 53. Kc2 b3+ 54. Kc1 Rxd6 55. Be7 Re6 56. Bf8 Ba4 57. Bg7 Re1+ 58. Kd2 Rg1 59. Bxh6 g4 60. Be3 Rf1 61. Bf4 Ra1 62. Be5 Rf1 63. Ke2 Rf5 64. Bg7 Rd5 65. Ke3 Rd6 66. Kf4 Kd3 67. Bh8 Rc6 68. Kxg4 Rc2 69. h4 Bd7+ 70. Kg5 Rc5+ 71. Kg6 Be8+ 72. Kh6 Rc6+ 73. Kg5 Rc5+ 74. Kg4 Bd7+ 75. Kf3 Rf5+ 76. Kg2 Kc4 77. Rf2 Bc6+ 78. Kg1 Rd5 79. g4 Rd4 80. Bxd4 Kxd4 81. h5 Kc3 82. h6 Be4 83. g5 b2 84. Rxb2 Kxb2 85. Kf2 Kc3 86. Ke3 Bg6 87. Kf4 1/2-1/2

[Event "Catalunya-ch (Women) 72nd"]
[Site "Barcelona"]
[Date "2014.04.19"]
[Round "3"]
[White "Martin Dinares, Sonia"]
[Black "Fernandez Rebollo, Irene"]
[Result "1-0"]
[WhiteElo "1982"]
[BlackElo "1809"]
[PlyCount "87"]
[EventDate "2014.04.18"]
[EventType "swiss"]
[EventRounds "6"]
[EventCountry "ESP"]
[SourceTitle "EXT 2016"]
[Source "ChessBase"]
[SourceDate "2015.10.08"]
[SourceVersion "1"]
[SourceVersionDate "2015.10.08"]
[SourceQuality "1"]

1. c4 d5 2. cxd5 Qxd5 3. Nc3 Qd6 4. g3 Bf5 5. Bg2 c6 6. Nf3 Nd7 7. 0-0 e6 8. d4 Qc7 9. e4 Bg4 10. Bf4 Bd6 11. e5 Be7 12. d5 Bb4 13. d6 Qa5 14. Qd4 Bxf3 15. Bxf3 Bxc3 16. bxc3 0-0-0 17. Rfb1 f6 18. Re1 g5 19. Bxg5 Nxe5 20. Rxe5 fxe5 21. Qd2 e4 22. Bg4 Kd7 23. Re1 h5 24. Bh3 Re8 25. Rxe4 Rh7 26. Rb4 b6 27. Re4 Rf7 28. Bf4 Nf6 29. Re5 Qa3 30. Re1 Ng4 31. Bxg4 hxg4 32. Qc2 Rf5 33. Rxe6 Kxe6 34. Qe4+ Kf6 35. Qxe8 Rd5 36. Qxc6 Qxa2 37. Kg2 Rd2 38. Bxd2 Qe6 39. Bf4 Kg6 40. c4 Kf6 41. Qd5 a5 42. Qxe6+ Kxe6 43. Be3 Kxd6 44. Bxb6 1-0

[Event "Roncana op-C U14 7th"]
[Site "Santa Eulalia de Roncana"]
[Date "2013.11.30"]
[Round "8"]
[White "Dartmann Aubanell, Catriona"]
[Black "Fernandez Rebollo, Irene"]
[Result "0-1"]
[WhiteElo "1700"]
[BlackElo "1700"]
[PlyCount "118"]
[EventDate "2013.10.05"]
[EventType "swiss"]
[EventRounds "8"]
[EventCountry "ESP"]
[SourceTitle "EXT 2015"]
[Source "ChessBase"]
[SourceDate "2014.11.20"]
[SourceVersion "1"]
[SourceVersionDate "2014.11.20"]
[SourceQuality "1"]

1. e4 d5 2. exd5 Qxd5 3. Nc3 Qd6 4. d4 Bf5 5. Nf3 Nd7 6. Bb5 c6 7. Be2 Qc7 8. Bd2 0-0-0 9. Bg5 h6 10. Be3 e6 11. Qd2 Bb4 12. a3 Qa5 13. Bf4 Bxc3 14. bxc3 Ne7 15. Ne5 Nxe5 16. Bxe5 f6 17. Bf4 e5 18. Be3 Be4 19. f3 Bh7 20. Bc4 Bg8 21. Bb3 Nf5 22. 0-0 exd4 23. cxd4 Qxd2 24. Bxd2 Bxb3 25. cxb3 Nxd4 26. Rae1 Nxb3 27. Be3 Rhe8 28. Kf2 Nd2 29. Rg1 b6 30. g4 Nc4 31. f4 g5 32. f5 Nxe3 33. Rxe3 Rd2+ 34. Kf3 Rxe3+ 35. Kxe3 Rxh2 36. Kf3 h5 37. gxh5 Rxh5 38. Ke3 Rh3+ 39. Kd4 Rxa3 40. Ke4 g4 41. Rxg4 Ra4+ 42. Kf3 Rxg4 43. Kxg4 a5 44. Kh5 a4 45. Kg6 a3 46. Kxf6 a2 47. Ke7 a1Q 48. f6 Qe1+ 49. Kf7 Kd8 50. Kg7 Qf1 51. f7 Ke7 52. Kg6 Qxf7+ 53. Kg5 c5 54. Kh4 c4 55. Kg5 c3 56. Kh4 c2 57. Kg5 c1Q+ 58. Kh4 Qg8 59. Kh5 Qh1# 0-1

[Event "Roncana op-C U14 7th"]
[Site "Santa Eulalia de Roncana"]
[Date "2013.11.16"]
[Round "6"]
[White "Lopez Nadal, Alex"]
[Black "Fernandez Rebollo, Irene"]
[Result "0-1"]
[WhiteElo "1796"]
[BlackElo "1700"]
[PlyCount "114"]
[EventDate "2013.10.05"]
[EventType "swiss"]
[EventRounds "8"]
[EventCountry "ESP"]
[SourceTitle "EXT 2015"]
[Source "ChessBase"]
[SourceDate "2014.11.20"]
[SourceVersion "1"]
[SourceVersionDate "2014.11.20"]
[SourceQuality "1"]

1. e4 d5 2. exd5 Qxd5 3. Nc3 Qd6 4. Nf3 c6 5. g3 Bg4 6. Bg2 Nd7 7. h3 Bxf3 8. Qxf3 Ngf6 9. 0-0 0-0-0 10. Qe3 Nb6 11. d4 Qxd4 12. Qf3 Qd6 13. Rd1 Qc7 14. Qf5+ e6 15. Qf3 Bb4 16. Rxd8+ Rxd8 17. Be3 Bxc3 18. Bxb6 Qxb6 19. bxc3 Qb2 20. Rd1 Rxd1+ 21. Qxd1 Qxa2 22. Qd6 Nd7 23. Qd3 f5 24. Qd4 Qxc2 25. Qxg7 Qd1+ 26. Kh2 Qh5 27. Qg8+ Kc7 28. c4 Nf6 29. Qg7+ Nd7 30. c5 a5 31. Qd4 Qe8 32. Qc3 Qa8 33. Qd4 a4 34. Qd6+ Kd8 35. Qxe6 Qa7 36. Qa2 Nxc5 37. Qa3 Ne4 38. Qf8+ Kc7 39. Qe7+ Kb6 40. Qd8+ Ka6 41. Bf1+ b5 42. Qc8+ Ka5 43. Qd8+ Qb6 44. Qa8+ Kb4 45. Qf8+ Qc5 46. Qg8 Qxf2+ 47. Bg2 a3 48. Qf8+ Qc5 49. Qa8 Kb3 50. Bxe4 fxe4 51. Qh8 Qc3 52. Qg8+ Kb2 53. Qf8 a2 54. Qf2+ Qc2 55. Kg1 a1Q+ 56. Kg2 Qxf2+ 57. Kxf2 c5 0-1

[Event "Roncana op-C U14 7th"]
[Site "Santa Eulalia de Roncana"]
[Date "2013.11.09"]
[Round "5"]
[White "Fernandez Rebollo, Irene"]
[Black "Barrios Rosas, Marti"]
[Result "1-0"]
[WhiteElo "1700"]
[BlackElo "1710"]
[PlyCount "99"]
[EventDate "2013.10.05"]
[EventType "swiss"]
[EventRounds "8"]
[EventCountry "ESP"]
[SourceTitle "EXT 2015"]
[Source "ChessBase"]
[SourceDate "2014.11.20"]
[SourceVersion "1"]
[SourceVersionDate "2014.11.20"]
[SourceQuality "1"]

1. e4 c5 2. Nc3 Nc6 3. d3 g6 4. g3 Bg7 5. Bd2 Nf6 6. Bg2 0-0 7. f4 d6 8. Nf3 Ng4 9. Qe2 e6 10. 0-0 d5 11. h3 dxe4 12. Qxe4 Nf6 13. Qe2 Qb6 14. Rab1 c4+ 15. Be3 cxd3 16. Qxd3 Qa5 17. a3 Rd8 18. Nd4 Qb6 19. Nce2 Nd5 20. c3 e5 21. Nc2 Nxe3 22. Qxe3 Qb5 23. fxe5 Nxe5 24. Ncd4 Qa6 25. Rf2 Nd3 26. Rf3 Ne5 27. Rf4 Bh6 28. Qxe5 Bxf4 29. Nxf4 Bd7 30. Qc7 Qf6 31. Qxb7 Rab8 32. Qxa7 Bf5 33. Nc6 Re8 34. Nxb8 Bxb1 35. Nd7 Qd6 36. Kh2 Qd2 37. Nf6+ Kf8 38. Nxe8 Kxe8 39. Qd4 Qxb2 40. Qh8+ Ke7 41. Nd5+ Kd7 42. Qxh7 Be4 43. Qxf7+ Kc6 44. Qe6+ Kc5 45. Qxe4 Kd6 46. Qe7+ Kc6 47. Nb4+ Kb5 48. Qb7+ Kc4 49. Qd5+ Kxc3 50. Qd3# 1-0

[Event "Roncana op-C U14 7th"]
[Site "Santa Eulalia de Roncana"]
[Date "2013.10.26"]
[Round "4"]
[White "Fernandez Rebollo, Irene"]
[Black "Casas Hernandez, Edgar"]
[Result "1-0"]
[WhiteElo "1700"]
[BlackElo "1710"]
[PlyCount "49"]
[EventDate "2013.10.05"]
[EventType "swiss"]
[EventRounds "8"]
[EventCountry "ESP"]
[SourceTitle "EXT 2015"]
[Source "ChessBase"]
[SourceDate "2014.11.20"]
[SourceVersion "1"]
[SourceVersionDate "2014.11.20"]
[SourceQuality "1"]

1. e4 e5 2. Nf3 Nc6 3. d4 Nf6 4. Nc3 Bb4 5. Bd2 exd4 6. Nd5 Bxd2+ 7. Qxd2 Nxe4 8. Qe2 f5 9. 0-0-0 d6 10. Nxd4 Nxd4 11. Rxd4 Be6 12. Qf3 Bxd5 13. Rxd5 g6 14. Bd3 Qe7 15. Re1 0-0-0 16. Bxe4 fxe4 17. Rxe4 Qg5+ 18. Rxg5 Rhf8 19. Rf4 Rfe8 20. Re4 Rf8 21. Qe3 h6 22. Rxg6 d5 23. Re7 a6 24. Qa7 Rd7 25. Qa8# 1-0